| 000 | 01034nam a2200241Ia 4500 | ||
|---|---|---|---|
| 003 | IN-BaIIA | ||
| 008 | 211028s9999 xx 000 0 eng d | ||
| 020 | _a978-3-319-02062-4 | ||
| 040 | _cIIA Library | ||
| 080 |
_a524.8(082.1) _bACC |
||
| 111 |
_aInternational Meeting on Gravitation and Cosmology _n4th _cSanta Clara, Cuba _d2009 _936350 |
||
| 245 | 0 |
_aAccelerated cosmic expansion _bproceedings of the fourth international meeting on gravitation and cosmology held in Santa Clara, Cuba, June 1-4, 2009 _cedited by Claudia Moreno Gonzalez, Jose Edgar Madriz Aguilar and Luz Marina Reyes Barrera. |
|
| 260 |
_aCham _bSpringer _c2014 |
||
| 300 | _axiv, 222p. | ||
| 490 | _aAstrophysics and space science proceedings; v. 38 | ||
| 650 |
_aCosmology - congresses _930162 |
||
| 650 |
_aGravitation - congresses _930163 |
||
| 650 |
_aPhysics - congresse _936351 |
||
| 700 |
_aAguilar, Jose Edgar Madriz.,ed. _936352 |
||
| 700 |
_aBarrera, Luz Marina Reyes eds. _936353 |
||
| 700 |
_aGonzalez, Claudia Moreno.,ed. _936354 |
||
| 942 | _cBK | ||
| 999 |
_c19038 _d19038 |
||